书目信息 |
| 题名: |
建设工程合同管理
|
|
| 作者: | 丁晓欣 , 宿辉 主编 | |
| 分册: | ||
| 出版信息: | 北京 化学工业出版社 2005.06 |
|
| 页数: | 236页 | |
| 开本: | 24cm | |
| 丛书名: | 建设工程项目管理丛书 | |
| 单 册: | ||
| 中图分类: | TU723.1 | |
| 科图分类: | ||
| 主题词: | 建筑工程--jian zhu gong cheng--工程施工--合同--管理 | |
| 电子资源: | ||
| ISBN: | 7-5025-7361-5 | |
| 000 | 00966nam 2200265 450 | |
| 001 | 012006955125 | |
| 005 | 20060525095800.48 | |
| 010 | @a7-5025-7361-5@dCNY32.00 | |
| 100 | @a20060313d2005 km y0chiy0120 ea | |
| 101 | 0 | @achi |
| 102 | @aCN@b110000 | |
| 105 | @aa a 000yy | |
| 200 | 1 | @a建设工程合同管理@Ajian she gong cheng he tong guan li@f丁晓欣, 宿辉主编@Fding xiao xin,su hui zhu bian |
| 210 | @a北京@c化学工业出版社@d2005.06 | |
| 215 | @a236页@c图@d24cm | |
| 225 | 2 | @a建设工程项目管理丛书@Ajian she gong cheng xiang mu guan li cong shu |
| 320 | @a有书目 (第236页)。 | |
| 330 | @a本书共分十章,内容包括:建设工程合同管理概念、建设工程法律基础、建设工程招标与投标合同管理等。 | |
| 410 | 0 | @12001 @a建设工程项目管理丛书 |
| 606 | 0 | @a建筑工程@Ajian zhu gong cheng@x工程施工@x合同@x管理 |
| 690 | @aTU723.1@v4 | |
| 701 | 0 | @a丁晓欣@Ading xiao xin@4主编 |
| 701 | 0 | @a宿辉@Asu hui@4主编 |
| 801 | 0 | @aCN@bQSSK@c20060525 |
| 905 | @a10447@dTU723.1@eD587 | |
| 建设工程合同管理/丁晓欣, 宿辉主编.-北京:化学工业出版社,2005.06 |
| 236页:图;24cm.-(建设工程项目管理丛书) |
| ISBN 7-5025-7361-5:CNY32.00 |
| 本书共分十章,内容包括:建设工程合同管理概念、建设工程法律基础、建设工程招标与投标合同管理等。 |
| ● |
| 相关链接 |
|
|
|
正题名:建设工程合同管理
索取号:TU723.1/D587
 
预约/预借
| 序号 | 登录号 | 条形码 | 馆藏地/架位号 | 状态 | 备注 |
| 1 | 555886 | 205558868 | 建筑库201/201建筑库 32排2列4层/ [索取号:TU723.1/D587] | 在馆 | |
| 2 | 555887 | 205558877 | 建筑库201/201建筑库 32排2列4层/ [索取号:TU723.1/D587] | 在馆 | |
| 3 | 555888 | 205558886 | 管理学院资料室/101建筑库 60排3列5层/ [索取号:TU723.1/D587] | 在馆 | |
| 4 | 604693 | 206046937 | 建筑库201/201建筑库 32排2列4层/ [索取号:TU723.1/D587] | 在馆 | |
| 5 | 604694 | 206046946 | 管理学院资料室/101建筑库 60排3列5层/ [索取号:TU723.1/D587] | 在馆 | |
| 6 | 604695 | 206046955 | 建筑库201/201建筑库 32排2列4层/ [索取号:TU723.1/D587] | 在馆 |